El gigante de Balvanera y otras leyendas urbanas /

La obra recoge cinco leyendas urbanas propias de la provincia de Buenos Aires, relatos que circulan de boca en boca y sucedieron en la ciudad o en lugares cercanos. Es destacable la manera en que está lograda la transcripción de la oralidad a la escritura: escritas con fluidez y gracia, las voces na...

Descripción completa

Guardado en:
Autor Principal: Silvestre, Sol.
Otros Autores: Morais, Marcelo; il.
Formato: Libro
Idioma:Undetermined
Publicado: Buenos Aires : La Brujita de Papel, 2023.
Edición:1a ed.
Series:Identidades bonaerenses
Leyendas
Materias:
Etiquetas: Agregar Etiqueta
Sin Etiquetas, Sea el primero en etiquetar este registro!
LEADER 01915nam a22003135a 4500
001 CEM.cems024805
008 250716s2023####ag############000#0#und#d
005 20250825093201.0
245 1 0 |a El gigante de Balvanera y otras leyendas urbanas /  |c Sol Silvestre; ilustrado por Marcelo Morais. 
250 |a 1a ed. 
260 |a Buenos Aires :  |b La Brujita de Papel,  |c 2023. 
300 |a 60 p. 
490 1 |a Identidades bonaerenses 
490 1 |a Leyendas 
500 |a Edición especial de la Dirección de Cultura y Educación de la Provincia de Buenos Aires. 
500 |a Sugerencia de edad: a partir de ciclo básico. 
505 0 |a Mi propia leyenda urbana -- La mancha en el vestido -- Accidente fatal -- Un misterio gigante -- La confesión -- Campanadas 
520 |a La obra recoge cinco leyendas urbanas propias de la provincia de Buenos Aires, relatos que circulan de boca en boca y sucedieron en la ciudad o en lugares cercanos. Es destacable la manera en que está lograda la transcripción de la oralidad a la escritura: escritas con fluidez y gracia, las voces narradoras de estas leyendas invitan al acercamiento y a la apropiación de lo que cuentan, generando una extrañeza inquietante frente a espacios y hechos actuales y reales. Este libro ha recibido el Premio Destacado de la Asociación de Literatura Infantil y Juvenil de la Argentina (Alija) 2015 en la categoría Literatura Oral. 
020 |a 9789878921624 
100 1 |a Silvestre, Sol. 
700 1 |a Morais, Marcelo; il. 
653 |a Leyendas argentinas 
653 |a Leyendas bonaerenses 
653 |a Leyendas urbanas 
653 |a Identidades bonaerenses 
859 |a CEMS  |b BIB. CEMS - Agricultura  |h 398.2  |i Si398  |p A3983.25  |t Ej.1 
859 |a CEMS  |b BIB. CEMS - Ccias. Educacion  |h 398.2  |k CE  |p 30228.25  |t Ej.1 
859 |a CEMS  |b BIB. CEMS - 11 de abril  |h 398.2  |p 30226.25  |t Ej.1 
859 |a CEMS  |b BIB. CEMS - 11 de abril  |h 398.2  |p 30227.25  |t Ej.2